Guardians of The Galaxy: Cosmic Rewind Songs - Statistics

General Stats
  • This quiz has been taken 11 times
  • The average score is 4 of 6
Answer Stats
Hint Answer % Correct
Earth, Wind and Fire September
100%
Tears for Fears Everybody Wants To Rule The World
89%
A Flock of Seagulls I Ran
67%
Gloria Estefan Conga
44%
The Trammps Disco Inferno
44%
Blondie One Way or Another
44%
No matching quizzes found
Score Distribution
Percent of People with Each Score
Percentile by Number Answered
Your Score History
You have not taken this quiz